000 00593nam a2200241Ia 4500
003 OSt
005 20221005063016.0
006 a|||||r|||| 00| 0
007 ta
008 221004b |||||||| |||| 00| 0 eng d
024 _a74448
037 _cTextual
040 _aCRL
_cCRL
_beng
041 _2eng
_aeng
082 _aR, H0
100 _aJoad C.E.M
245 0 _aPhilosophy for our times
260 _aLondon
_bThomas Nelson And Sons Ltd UK
_c1940
300 _a367p
_ccm.
650 _aPHILOSOPHY
942 _hR, H0
_cTEXL
_2cc
999 _c970718
_d970718